Повторен инфаркт на миокарда (Запис номер 4719)
[ съкратено ]
| 000 -Лидер | |
|---|---|
| Контролно поле с фиксирана дължина | 01393nam a2200349 a 4500 |
| 003 - Код на организацията, давaща контролен номер | |
| Контролно поле | BLK |
| 005 - Дата и час на последна редакция | |
| Контролно поле | 20240206102026.0 |
| 008 - Елементи от данни с фиксирана дължина | |
| fixed length control field | 180412b bul|||||r ||||||| ||bul|| |
| 010 ## - Наследен системен номер | |
| LC control number | KNG00005876000 |
| 020 ## - Международен стандартен номер на книга ISBN | |
| Международен стандартен номер на книга ISBN | 954-8627-04-3 |
| 040 ## - Източник на каталожния запис | |
| Идентификатор на билиотеката - собственик на записа | BLK |
| 041 ## - Код за език | |
| Код за езика на текст/звукозапис или на отделно заглавие | Български |
| Код за езика КДБФ | Български |
| 080 ## - УДК | |
| Текстов определител УДК | Болести на миокарда - Миокардит, склероза на миокарда, инфаркт на миокарда, аневризма на миокарда и др. |
| УДК код - определител по УДК | 616.127 |
| УДК - код + определител | 616.127 |
| 100 1# - Редна дума - Автор | |
| Автор | Попилиев, Илия Любенов |
| Авторска отговорност | първи автор |
| R(LIN) | 249088 |
| 139 ## - Редно поле | |
| Редна дума | Попилиев, Илия Любенов |
| Авторски знак | Поп - П 74 |
| 245 10 - Сведения за заглавието | |
| Заглавие | Повторен инфаркт на миокарда |
| Подзаглавни данни | Моногр. |
| Редно поле (дума) | Илия Любенов Попилиев. |
| 250 ## - Област на изданието | |
| Сведения за изданието | 2. осн. прераб. и доп. изд |
| 257 ## - Страна на издаване | |
| Страна на създаване/издаване | България |
| 260 ## - Област на издателските данни | |
| Място на издаване, разпространение и проч. | София |
| Име на издателя, разпространителя и проч. | Венимекс |
| Година на издаване | 1994 |
| 300 ## - Физическа характеристика | |
| Страници | 311 с. |
| Илюстрации и др. | с ил., табл., диагр. |
| Размери/Мащаб | 20 см |
| 380 ## - Жанр | |
| Жанр | Медицина |
| 500 ## - Общи забележки | |
| Забележка | 1. изд. 1990 на изд. Медицина и физкултура ; 3 000 тир. |
| 650 #4 - Допълнително описание по предмет – тема | |
| Основно описание – тема или топоним | Инфаркт на миокарда |
| 9 (RLIN) | 249089 |
| 653 ## - Ключова дума – ненормативна | |
| Ключова дума | инфаркт |
| 852 ## - Местоположение | |
| Форматна сигнатура | Цб 180895 |
| Фондова буква | Хранилище |
| 856 4# - Електронен адрес и достъп | |
| Електронен формат | pdf - файл |
| Път до файла /url/ | |
| 856 4# - Електронен адрес и достъп | |
| Електронен формат | pdf - файл |
| Път до файла /url/ | |
| 942 ## - АРТИКУЛИ | |
| Вид на библиотечния материал | Книги |
| Скрит в OPAC | Не |
| 944 ## - СЪЗДАВАНЕ И РЕДАКЦИЯ на ЗАПИСА | |
| Създаване/Редакция | Създаване |
| Дата на регистрацията/редакция | 15.01.2003 |
| Служител, извършил регистрацията/редакцията | 30534 |
| Статус, дата на статуса | Радостина Карадакова |
| 944 ## - СЪЗДАВАНЕ И РЕДАКЦИЯ на ЗАПИСА | |
| Създаване/Редакция | Редакция |
| Дата на регистрацията/редакция | 17.03.2011 |
| 999 ## - СИСТЕМНИ КОНТРОЛНИ НОМЕРА | |
| Koha biblionumber | 4719 |
| Koha biblioitemnumber | 4719 |
| 999 ## - СИСТЕМНИ КОНТРОЛНИ НОМЕРА | |
| Koha biblioitemnumber | 4719 |
| Код за отписване | Код за изгубен артикул | Източник на класификационната схема | Код за повреда | Коз за рестрикции | Код за отдаване | Артикулен № | Име на библиотеката - собственик | Име на библиотеката, в която се намира в момента | Статус (Текущо местоположение) | Дата на вписване в системата | Местоположение - отдел | Цена в лева | Инвентарен номер | Систематично азбучна сигнатура | Баркод | Номер на екземпляра | Цена в евро | Служебна бележка | Служебен тип на артикула |
|---|---|---|---|---|---|---|---|---|---|---|---|---|---|---|---|---|---|---|---|
| Не е изгубен | Universal Decimal Classification | Не е повреден | без рестрикции | ползва се в читалня | 8377 | Регионална библиотека "Любен Каравелов" Русе | Регионална библиотека "Любен Каравелов" Русе | Хранилище | 2001-01-01 | Хранилище | 1.71 | 610181 | Цб 180895 | 120000610181 | 1 | 0.87 | Дост: Dp Вид: Д N: стар фонд Дата: 01.01.2001 Дата инв: 06.03.2015 Бележки инв: Цб2015 | Книги |